|
|
|
|
| LEADER |
00000nbm0a2200000 4500 |
| 001 |
204243 |
| 005 |
20231031190027.0 |
| 035 |
|
|
|a (RuTPU)RU\TPU\book\222605
|
| 035 |
|
|
|a RU\TPU\book\197393
|
| 090 |
|
|
|a 204243
|
| 100 |
|
|
|a 20111121d1968 k y0rusy50 ca
|
| 101 |
0 |
|
|a rus
|
| 102 |
|
|
|a RU
|
| 105 |
|
|
|a a p 000zy
|
| 200 |
1 |
|
|a Цифровая следящая система на феррит-транзисторных логических элементах
|e отчет о НИР
|e тема: х/д № 19/66
|f Томский политехнический институт (ТПИ) ; руководитель А. И. Зайцев ; В. З. Ямпольский
|
| 210 |
|
|
|a Томск
|d 1968
|
| 215 |
|
|
|a 15 л.
|c черт.
|
| 610 |
1 |
|
|a отчеты о НИР
|
| 610 |
1 |
|
|a феррит-транзисторные логические элементы
|
| 610 |
1 |
|
|a следящие системы
|
| 610 |
1 |
|
|a блок-схемы
|
| 610 |
1 |
|
|a построение
|
| 610 |
1 |
|
|a кинематика
|
| 610 |
1 |
|
|a описание
|
| 675 |
|
|
|a 681.142.67
|v 3
|
| 702 |
|
1 |
|a Зайцев
|b А. И.
|4 673
|
| 702 |
|
1 |
|a Ямпольский
|b В. З.
|c директор института "Кибернетический центр" Томского политехнического университета
|f 1938-
|g Владимир Захарович
|2 stltpush
|3 (RuTPU)RU\TPU\pers\12100
|4 677
|
| 712 |
0 |
2 |
|a Томский политехнический институт (ТПИ)
|c (1944-1991)
|2 stltpush
|3 (RuTPU)RU\TPU\col\1123
|4 595
|
| 801 |
|
1 |
|a RU
|b 63413507
|c 20100617
|
| 801 |
|
2 |
|a RU
|b 63413507
|c 20111121
|g RCR
|
| 942 |
|
|
|c BK
|